MARC details
| 000 -CABECERA |
| campo de control de longitud fija |
00902nam a2200229 a 4500 |
| 005 - FECHA Y HORA DE LA ÚLTIMA TRANSACCIÓN |
| campo de control |
20230524063812.0 |
| 008 - ELEMENTOS DE LONGITUD FIJA--INFORMACIÓN GENERAL |
| campo de control de longitud fija |
991125s1967 mx 000 0 spa u |
| 035 ## - NÚMERO DE CONTROL DEL SISTEMA |
| Número de control de sistema |
UPN01000046370 |
| 049 ## - COLECCIÓN |
| Colección |
CG |
| 050 #4 - SIGNATURA TOPOGRÁFICA DE LA BIBLIOTECA DEL CONGRESO |
| Número de clasificación |
QA9 |
| Número de documento/Ítem |
D5.68a |
| 100 1# - ASIENTO PRINCIPAL--NOMBRE PERSONAL |
| Nombre de persona |
Dienes, Zoltan Paul, |
| Fechas asociadas al nombre |
1916- |
| 9 (RLIN) |
30501 |
| 245 14 - MENCIÓN DE TÍTULO |
| Título |
Los primeros pasos en matemática / |
| Mención de responsabilidad, etc. |
Z. P. Dienes, E. W. Golding ; tr. María Deschamps Bonet. |
| 260 ## - PUBLICACIÓN, DISTRIBUCIÓN, ETC. |
| Lugar de publicación, distribución, etc. |
México : |
| Nombre del editor, distribuidor, etc. |
Varazén, |
| Fecha de publicación, distribución, etc. |
1967. |
| 300 ## - DESCRIPCIÓN FÍSICA |
| Extensión |
3 v. : |
| Otras características físicas |
il. |
| 440 #0 - MENCIÓN DE SERIE/ASIENTO SECUNDARIO--TÍTULO |
| Título |
Enseñanza de la matemática moderna ; |
| Designación de volumen o secuencia |
2 |
| 505 8# - NOTA DE CONTENIDO CON FORMATO PREESTABLECIDO |
| Nota de contenido con formato |
Contenido: |
| Información miscelánea |
v.1. |
| Título |
Lógica y juegos lógicos -- |
| Información miscelánea |
v.2. |
| Título |
Conjuntos números y potencias -- |
| Información miscelánea |
v.3. |
| Título |
Exploración del espacio y práctica de la medida |
| 650 #4 - ASIENTO SECUNDARIO DE MATERIA - TERMINO TEMATICO |
| Término de materia o nombre geográfico como elemento de entrada |
Lógica simbólica y matemática |
| 9 (RLIN) |
3581 |
| 650 #4 - ASIENTO SECUNDARIO DE MATERIA - TERMINO TEMATICO |
| Término de materia o nombre geográfico como elemento de entrada |
Matemáticas |
| Subdivisión general |
Estudio y enseñanza (Elemental) |
| 9 (RLIN) |
2809 |
| 650 #0 - ASIENTO SECUNDARIO DE MATERIA - TERMINO TEMATICO |
| Término de materia o nombre geográfico como elemento de entrada |
Recreaciones matemáticas |
| 9 (RLIN) |
6050 |
| 700 1# - ASIENTO SECUNDARIO--NOMBRE DE PERSONAL |
| Nombre de persona |
Golding, E. W., |
| Término indicativo de función/relación |
coaut. |
| 905 ## - TIPO DE MATERIAL |
| Tipo de material |
Libro |